000 00666nam a22002537a 4500
003 UA-OsUOA
001 23251
007 ta
008 20040115b un ||||| |||| 00| 0 ukr d
100 _aПокровский Н.В.
090 _a246
_bП60
942 _cBK
040 _aUA-OsUOA
_brus
_cUA-OsUOA
_dUA-OsUOA
245 _aОчерки памятников христианского искусства
300 _a412 с.
_bІлюстрації
955 _a0
041 _arus
080 _a246
020 _a5-93294-001-8
260 _aСанкт-Петербург
_bЛига Плюс
_c2000
044 _aRU
650 7 _2UDC
999 _c309496
_d309496